1798 1433 1520 1135 1737 1497 1173 1849 1658 1798 1230 1013 1285 1318 1508 1078 1007 1470 1026 1707 1660 1942 1946 1985 1990 1409 1092 1765 1204 1278 1574 1018 1868 1107 1095 1657 1019 1588 1389 1568 1355 1599 1399 1825 1447 1316 1459 1601 1825 1221 1524 1675 1477 1508 1837 1244 1052 1639 1206 1055 1566 1674 1707 1351 1985 1451 1451 1050 1389 1794 1634 1417 1882 1137 1520 1742 1565 1110 1692 1803 1034 1183 1381 1413 1793 1996 1245 1112 1469 1214 1443 1073 1373 1279 1646 1740 1337 1166 1157 BCNSPRNW ULIB Ver.6.0+V

เปลี่ยนเป็นภาษาไทย

Change to English
 แสดงรายละเอียดบรรณานุกรม
  กลับหน้าหลัก

Brief Record : Get Marc (ISO 2709) : E-mail record : QR code < ปิดหน้าต่าง
LEADER : 00000nam 2200000uu 4500
001    13399124807
003     ULIB
008    160325s2014||||th 000 0 eng d
020    ^a9780470657768
060  4 ^aWY86^bM155f
100 1  ^aMcKenna, Hugh P.
245 10 ^aFundamentals of nursing models, theories and practice /^cHugh P. McKenna, Majda Pajnkihar, Fiona A. Murphy.
246 30 ^aNursing models, theories and practice.
250    ^a2nd ed
260    ^aChichester, West Sussex :^bWiley Blackwell,^cc2014.
300    ^axi, 225 p. ;^c24 cm.
500    ^aRevision of: McKenna, Hugh P., 1954-. Nursing models, theories and practice. Oxford : Blackwell Publishing, 2008.
504    ^aIncludes bibliographical references and index
650  2 ^aModels, Nursing.
650  2 ^aNursing Theory.
650  2 ^aNursing Process.
700 1  ^aPankhihar, Majda,^ejt auth.
700 1  ^aMurphy, Fiona,^ejt auth.
945    ^p38^l0^i000357
999    ^aเกษร โพธิ์สุวรรณ
รายการนี้ยังไม่มีแท็ก
คุณยังไม่ได้ล็อกอิน คุณสามารถมีกิจกรรมร่วมกับเว็บไซต์ได้ แต่ต้องล็อกอินก่อน ::
  ล็อกอิน

รายการสื่อสารสนเทศ

ลำดับที่ ประเภท เลขเรียก/บาร์โค้ด สถานที่ สถานะ
1. Book การพยาบาล
Book การพยาบาล
WY86 M155f ฉ.1 
  Barcode: 000357
ห้องสมุดวิทยาเขตสวรรค์ประชารักษ์
►หนังสือทั่วไป
บนชั้น

รายการใกล้เคียง
    หัวเรื่อง [Nursing Process.]

BibComment


ยังไม่เคยถูกคอมเมนท์

คอมเมนท์ทรัพยากรรายการนี้
  คอมเมนท์: Fundamentals of ..


 Copyright 2026. Bcnsprnw @Library